000 00380 a2200169 4500
001 177861
020 _a978-85-7406-453-6
040 _cMagnum
100 _aLalau
240 1 0 _aBem-te-vi e outras poesias
_lpor
245 1 0 _aBem-te-vi e outras poesias
300 _a16
362 0 _a2010
440 1 _aCompanhia das Letrinhas
697 _aLITERATURA INFANTO
942 _cBK
999 _c177861
_d177861